Chah janagosthir lokageet, loka parampara aru utsavar ruprekha/ (Record no. 11438)

MARC details
000 -LEADER
fixed length control field 00599nam a22001937a 4500
005 - DATE AND TIME OF LATEST TRANSACTION
control field 20221029121054.0
008 - FIXED-LENGTH DATA ELEMENTS--GENERAL INFORMATION
fixed length control field 221029b ||||| |||| 00| 0 eng d
020 ## - INTERNATIONAL STANDARD BOOK NUMBER
International Standard Book Number 9788120288676
040 ## - CATALOGING SOURCE
Original cataloging agency IN-DiNC
Transcribing agency IN-DiNC
041 ## - LANGUAGE CODE
Language code of sung or spoken text Assamese
082 ## - DEWEY DECIMAL CLASSIFICATION NUMBER
Classification number 398.09145
Item number ADH
100 ## - MAIN ENTRY--PERSONAL NAME
Personal name Adhikari, Sukdev
Relator term Author
245 ## - TITLE STATEMENT
Title Chah janagosthir lokageet, loka parampara aru utsavar ruprekha/
Statement of responsibility, etc. by Sukdev Adhikari
250 ## - EDITION STATEMENT
Edition statement 1st ed.
260 ## - PUBLICATION, DISTRIBUTION, ETC.
Place of publication, distribution, etc. Guwahati:
Name of publisher, distributor, etc. DN publication,
Date of publication, distribution, etc. 2015.
300 ## - PHYSICAL DESCRIPTION
Extent x, 360p.
650 ## - SUBJECT ADDED ENTRY--TOPICAL TERM
Topical term or geographic name entry element Folk song, folk tradition and festivals of tea-communities of Assam
942 ## - ADDED ENTRY ELEMENTS (KOHA)
Source of classification or shelving scheme Dewey Decimal Classification
Koha item type Books
Holdings
Withdrawn status Lost status Source of classification or shelving scheme Damaged status Not for loan Collection code Home library Current library Shelving location Date acquired Cost, normal purchase price Total Checkouts Full call number Barcode Date last seen Date last checked out Copy number Price effective from Koha item type
    Dewey Decimal Classification     Assamese Central Library, Naharkatiya College Central Library, Naharkatiya College General Stacks 29/10/2022 300.00 5 398.09145 ADH 25669 13/08/2025 01/07/2025 1 29/10/2022 Books

Naharkatiya College © 2020. All rights reserved.

Powered By